Catalog

Record Details

Catalog Search



Dívka v pruhovaných šatech Cover Image Book Book

Dívka v pruhovaných šatech/ Ellie Midwoodová ; přeložila Zuzana Miyahara Krátká

Midwood, Ellie (Author). Miyahara Krátká, Zuzana (Translator).

Summary:

Román, ke kterému se americká autorka nechala inspirovat osudy slovenské Židovky Heleny Citrónové, vypráví dojemný příběh o lásce a naději v prostředí koncentračního tábora Osvětim. Německo, rok 1947. Na stole doktora Hoffmana, amerického psychiatra, přistává podivný případ týkající se poválečné denacifikace. Před soud je předvolán bývalý osvětimský dozorce Franz Dahler. Ten si s sebou bere nečekaného svědka - Helenu, bývalou vězeňkyni, která je v současnosti i jeho manželkou. Tichá a poddajná Helena působí jako typická oběť násilí, a když začne u soudu vypovídat ve prospěch manžela, doktor Hoffman je z vývoje situace zmatený. Čelí tomu nejméně pravděpodobnému příběhu o lásce, jaký kdy viděl, anebo se před ním obhajuje psychicky nemocná žena, která vnímá minulost zkresleně? Nakladatelská anotace. Kráceno.

Record details

  • ISBN: 978-80-7689-174-6
  • Physical Description: 364 stran ; 21 cm
  • Edition: Vydání první
  • Publisher: V Brně : Jota, 2023

Content descriptions

General Note:
Přeloženo z angličtiny
Subject: Citrónová, Helena, 1921-2005
Wunsch, Franz, 1922-2009
židovské ženy > Slovensko > 20. století
nacisté > Rakousko > 20. století
holocaust (1939-1945)
koncentrační tábory > Polsko > 1939-1945
Jewish women > Slovakia > 20th century
Nazis > Austria
concentration camps > Poland
Osvětim (Polsko)
Oświęcim (Poland)
Genre: americké romány
biografické romány
American fiction
biographical novels

Available copies

  • 1 of 1 copy available at Common Catalog SPOK.

Holds

  • 0 current holds with 1 total copy.
Show Only Available Copies
Location Call Number / Copy Notes Barcode Shelving Location Status Due Date
The Jewish community of Prague K 3909 4638303817 K - Beletrie Available -

LDR 03282nam a2200697 i 4500
00155542
003CZ-PrJAB
00520230920090812.0
007ta
008230919s2023 xr g 000 f cze
015 . ‡acnb003548146
020 . ‡a978-80-7689-174-6 ‡q(vázáno)
035 . ‡a(CZ PrSKC)4880439
040 . ‡aABG001 ‡bcze ‡erda
0411 . ‡acze ‡heng
043 . ‡ae-pl---
045 . ‡ax-x-
072 7. ‡a821.111(73)-3 ‡xAmerická próza ‡2Konspekt ‡925
072 7. ‡a929 ‡xBiografie ‡2Konspekt ‡98
080 . ‡a821.111(73)-31 ‡2MRF
080 . ‡a(=411.16)-055.2 ‡2MRF
080 . ‡a329.17-051 ‡2MRF
080 . ‡a323.12"1939/1945" ‡2MRF
080 . ‡a343.819.5 ‡2MRF
080 . ‡a929 ‡2MRF
080 . ‡a(437.6) ‡2MRF
080 . ‡a(438) ‡2MRF
080 . ‡a(436) ‡2MRF
080 . ‡a(0:82-312.6) ‡2MRF
1001 . ‡aMidwood, Ellie ‡7xx0265114 ‡4aut
24010. ‡aGirl in the striped dress. ‡lČesky
24510. ‡aDívka v pruhovaných šatech/ ‡cEllie Midwoodová ; přeložila Zuzana Miyahara Krátká
250 . ‡aVydání první
264 1. ‡aV Brně : ‡bJota, ‡c2023
300 . ‡a364 stran ; ‡c21 cm
336 . ‡atext ‡btxt ‡2rdacontent
337 . ‡abez média ‡bn ‡2rdamedia
338 . ‡asvazek ‡bnc ‡2rdacarrier
500 . ‡aPřeloženo z angličtiny
5202 . ‡aRomán, ke kterému se americká autorka nechala inspirovat osudy slovenské Židovky Heleny Citrónové, vypráví dojemný příběh o lásce a naději v prostředí koncentračního tábora Osvětim. ‡bNěmecko, rok 1947. Na stole doktora Hoffmana, amerického psychiatra, přistává podivný případ týkající se poválečné denacifikace. Před soud je předvolán bývalý osvětimský dozorce Franz Dahler. Ten si s sebou bere nečekaného svědka - Helenu, bývalou vězeňkyni, která je v současnosti i jeho manželkou. Tichá a poddajná Helena působí jako typická oběť násilí, a když začne u soudu vypovídat ve prospěch manžela, doktor Hoffman je z vývoje situace zmatený. Čelí tomu nejméně pravděpodobnému příběhu o lásce, jaký kdy viděl, anebo se před ním obhajuje psychicky nemocná žena, která vnímá minulost zkresleně? Nakladatelská anotace. Kráceno.
60017. ‡aCitrónová, Helena, ‡d1921-2005 ‡7hka2012700517 ‡2czenas
60017. ‡aWunsch, Franz, ‡d1922-2009 ‡7hka2012700525 ‡2czenas
648 7. ‡a20. století ‡7ch460558 ‡2czenas
65007. ‡ažidovské ženy ‡7ph168243 ‡zSlovensko ‡y20. století ‡2czenas
65007. ‡anacisté ‡7ph123153 ‡zRakousko ‡y20. století ‡2czenas
65007. ‡aholocaust (1939-1945) ‡7ph117203 ‡2czenas
65007. ‡akoncentrační tábory ‡7ph121782 ‡zPolsko ‡y1939-1945 ‡2czenas
650 9. ‡aJewish women ‡zSlovakia ‡y20th century ‡2eczenas
650 9. ‡aNazis ‡zAustria ‡2eczenas
650 9. ‡aconcentration camps ‡zPoland ‡2eczenas
651 7. ‡aOsvětim (Polsko) ‡7ge307692 ‡2czenas
651 9. ‡aOświęcim (Poland) ‡2eczenas
655 7. ‡aamerické romány ‡7fd131796 ‡2czenas
655 7. ‡abiografické romány ‡7fd131905 ‡2czenas
655 9. ‡aAmerican fiction ‡2eczenas
655 9. ‡abiographical novels ‡2eczenas
7001 . ‡aMiyahara Krátká, Zuzana ‡7xx0307161 ‡4trl
910 . ‡aABE461 ‡bK 3909
995 . ‡aska
901 . ‡a55542 ‡bAUTOGEN ‡c55542 ‡tbiblio

Additional Resources